দ্বিমাত্রিক স্হানাঙ্ক জ্যামিতি=(Co-ordinate Geometry of two Dimensions) / (Record no. 68963)
[ view plain ]
| 000 -LEADER | |
|---|---|
| fixed length control field | 00876nam a2200217 a 4500 |
| 001 - CONTROL NUMBER | |
| control field | 68963 |
| 003 - CONTROL NUMBER IDENTIFIER | |
| rucl marc code | BD-RjUL |
| 005 - DATE AND TIME OF LATEST TRANSACTION | |
| control field | 20211209081832.0 |
| 008 - FIXED-LENGTH DATA ELEMENTS--GENERAL INFORMATION | |
| fixed length control field | 170408s1974 ii a|||| |||| 00| 0 ben d |
| 035 ## - SYSTEM CONTROL NUMBER | |
| System control number | (BD-RjUL)69174 |
| 040 ## - CATALOGING SOURCE | |
| Original cataloging agency | BD-RjUL |
| Language of cataloging | ben |
| Transcribing agency | BD-RjUL |
| Modifying agency | BD-RjUL |
| 041 ## - LANGUAGE CODE | |
| Language code of text/sound track or separate title | ben |
| 082 ## - DEWEY DECIMAL CLASSIFICATION NUMBER | |
| Edition number | 23 |
| Classification number | 516.3 |
| Author mark and year | ROD 1974 |
| 100 ## - MAIN ENTRY--PERSONAL NAME | |
| Personal name | রায়, অশোক কুমার |
| 9 (RLIN) | 204328 |
| 245 ## - TITLE STATEMENT | |
| Title | দ্বিমাত্রিক স্হানাঙ্ক জ্যামিতি=(Co-ordinate Geometry of two Dimensions) / |
| Statement of responsibility, etc. | অশোক কুমার রায় |
| 260 ## - PUBLICATION, DISTRIBUTION, ETC. (IMPRINT) | |
| Place of publication, distribution, etc. | কলিকাতা : |
| Name of publisher, distributor, etc. | পশ্চিমবঙ্গ রাজ্য পুস্তক পর্ষদ, |
| Date of publication, distribution, etc. | ১৯৭৪. |
| 300 ## - PHYSICAL DESCRIPTION | |
| Pagination | ৪৫৪ |
| 650 ## - SUBJECT ADDED ENTRY--TOPICAL TERM | |
| Topical term or geographic name as entry element | বিশ্লেষণী জ্যামিতি |
| 9 (RLIN) | 204329 |
| Topical term or geographic name as entry element | Analytic Geometries |
| 9 (RLIN) | 204330 |
| 942 ## - ADDED ENTRY ELEMENTS (KOHA) | |
| Source of classification or shelving scheme | Dewey Decimal Classification |
| Koha item type | Books |
| Lost status | Source of classification or shelving scheme | Damaged status | Not for loan | Collection code | Permanent Location | Current Location | Shelving location | Date acquired | Source of acquisition | Cost, normal purchase price | Total Checkouts | Full call number | Date last seen | Copy number | Koha item type |
|---|---|---|---|---|---|---|---|---|---|---|---|---|---|---|---|
| Dewey Decimal Classification | Not For Loan | Non-fiction | Central Library, University of Rajshahi | Central Library, University of Rajshahi | Reading Room | 09/12/2021 | India Int. Callcuta | 21.50 | B 516.3 ROD 1974 | 09/04/2017 | C-1 | Books |